| 000 | 00579nam a2200205 u 4500 | ||
|---|---|---|---|
| 005 | 20221115063527.0 | ||
| 008 | 130214s2004 r 000 0 eng d | ||
| 020 | _a8467502843 | ||
| 035 | _aUPN01000189599 | ||
| 049 | _aI | ||
| 050 | 4 |
_aPZ76.3 _bE2.2 |
|
| 100 | 1 |
_aEchevarrÃa, Pablo, _d1963- _933627 |
|
| 245 | 1 | 4 |
_aUna amistad peligrosa / _cPablo EchevarrÃa. |
| 260 |
_aMadrid : _bSM, _c2004 |
||
| 300 |
_a29 p. : _bil. col. |
||
| 650 | 7 |
_aAnimales _vLiteratura infantil _2 _91061 |
|
| 650 | 0 |
_aAmistad en la literatura _910763 |
|
| 905 | _aInfantil | ||
| 999 |
_c161702 _d161702 |
||